La luna oscura del Neckar /

Sparad:
Bibliografiska uppgifter
Huvudupphov: Azzaroli, Silvia (Författare, medförfattare)
Materialtyp: Bok
Språk:italienska
Utgiven: Foggia : Bastogi, stampa 2008
Serie:Il canapo
Taggar: Lägg till en tagg
Inga taggar, Lägg till första taggen!

MARC

LEADER 00000nam a22000007i 4500
001 IT\ICCU\BA1\0048136
003 ItRI
005 20240326192701.0
008 090623s2008 it |||||| ||||| |||||c
020 |a 9788862731249 
040 |b ita  |c GP 
041 7 |a ita  |2 ISO-639-2 
100 1 |a Azzaroli, Silvia  |0 IT\ICCU\BA1V\006923  |4 aut 
245 1 3 |a La luna oscura del Neckar /  |c Silvia Azzaroli. 
260 |a Foggia :  |b  Bastogi,  |c stampa 2008 
300 |a 156 p. ;  |c 23 cm. 
830 3 |a Il canapo  |0 IT\ICCU\CFI\0026249 
942 |2 ddc  |c BK 
952 |0 0  |1 0  |2 ddc  |4 0  |6 853_920000000000000_AZZ  |7 1  |9 1111  |a RM  |b RM  |d 2024-03-26  |l 0  |o 853.92 AZZ  |p 635  |r 2024-03-26 19:27:27  |w 2024-03-26  |y BK 
981 1 |6 z01  |a i   |b xxxe  
982 1 |6 z01  |a n 
999 |c 1017  |d 1017